000 01227nab a22002297a 4500
999 _c5610
_d5610
003 OSt
005 20251222113507.0
008 190429b xxu||||| |||| 00| 0 spa d
040 _cPJ
100 _96585
_aMartín, Adrián N.
245 1 0 _a¿Cuándo se determina la pena? Un aporte más para horadar el principio de legalidad /
_cAdrián N. Martín.
260 _cCiudad Autónoma de Buenos Aires :
_aThomson Reuters La Ley,
_b2025.
300 _ap. 103-107
500 _aCita: TR LALEY AR/DOC/1172/2025.
505 _aSumario: I. Introducción.— II. El plenario.— III. La posición de la mayoría.— IV. Algunas consideraciones críticas sobre la posición mayoritaria.— V. La claridad conceptual de la disidencia.— VI. La posición futura frente al plenario.
505 _aFallo comentado: CNCasación Penal, en pleno ~ 13/05/2025 ~ P., J. L. V. s/ inaplicabilidad de ley.
505 _tSi te interesa el texto completo, solicitalo a koha@justierradelfuego.gov.ar
650 0 _9343
_aDERECHO PENAL
650 0 _9193
_aPENA
773 0 _02658
_93164
_tRevista de derecho penal y criminología. Nº 7 - Agosto 2025
_dCiudad Autónoma de Buenos Aires : Thomson Reuters La Ley, 2017-
_x00347914
942 _2udc
_cANA